000 00696nam a22002297a 4500
003 OSt
005 20260601171012.0
008 260421b1994\\\\spa\||||\||||\00|\0\spa\d
040 _aICI
_bspa
_cICI
050 _aPQ9281.A66
_bO3518 1994
100 _aSaramago, José,
_eautor
_924166
245 _aCasi un objeto /
_c José Saramago ; traducción de Eduardo Naval
264 _aMadrid :
_bAlfaguara :
_c1994
300 _a 187 páginas
336 _2rdacontent
_atexto
337 _2rdamedia
_asin medio
338 _2rdacarrier
_avolumen
490 _a Alfaguara literaturas ;
_v 363
700 _aNaval, Eduardo,
_e traductor
_933307
700 _aSaramago, José
_924166
942 _2lcc
_cB
999 _c20548
_d20548